World Capitals Closest to Rabat - One Minute Sprint - Statistics

General Stats
  • This quiz has been taken 38 times
  • The average score is 13 of 21
Answer Stats
km capital miles % Correct
771 Madrid 479
100%
567 Lisbon 352
97%
952 Algiers 592
94%
1824 Paris 1134
91%
1576 Tunis 979
85%
1905 Rome 1184
79%
1865 Tripoli 1159
67%
1644 Monaco 1022
64%
1905 Vatican City 1184
64%
1199 Andorra la Vella 745
58%
1999 San Marino 1242
58%
1880 Berne 1168
52%
1983 Nouakchott 1232
52%
1958 Valletta 1217
48%
2010 Vaduz 1249
45%
2027 London 1259
42%
2254 Amsterdam 1400
39%
2088 Brussels 1297
39%
2042 Luxembourg 1269
33%
2159 Dublin 1341
30%
2254 Ljubljana 1400
24%
No matching quizzes found
Score Distribution
Percent of People with Each Score
Percentile by Number Answered
Your Score History
You have not taken this quiz